Statistics for 1952年11月時点の急行高原の停車駅

Click here to take the quiz!

General Stats

  • This quiz has been taken 21 times
  • The average score is 16 of 22

Answer Stats

Answer% Correct
上野
100%
大宮
100%
長野
100%
高崎
100%
軽井沢
94%
赤羽
94%
本庄
94%
横川
94%
直江津
94%
上田
94%
熊谷
88%
篠ノ井
81%
小諸
81%
豊野
75%
高田
69%
新井
69%
屋代
56%
熊ノ平
44%
戸倉
38%
大屋
25%
沓掛
19%
田口
13%

Score Distribution

Percentile by Number Answered

Percent of People with Each Score

Your Score History

You have not taken this quiz